Horst Hartung : 1919-1990 /

Este número de la revista trimestral Asentamientos es una memoria de Horst Hartung, arquitecto alemán que fue invitado como profesor fundador de la Escuela de Arquitectura de la Universidad de Guadalajara, para impartir las materias de urbanismo e historia de la arquitectura. Aquí, varios arquitecto...

Πλήρης περιγραφή

Αποθηκεύτηκε σε:
Λεπτομέρειες βιβλιογραφικής εγγραφής
Άλλοι συγγραφείς: Díaz Morales, Ignacio (autor) (autor)
Μορφή: Βιβλίο
Γλώσσα:Ισπανικά
Σειρά:(Asentamientos ; 39)
Θέματα:
Ετικέτες: Προσθήκη ετικέτας
Δεν υπάρχουν, Καταχωρήστε ετικέτα πρώτοι!

MARC

LEADER 00000nam^a2200000^a^4500
001 000189577
005 20250521000000.0
009 20260310102418.834
037 |a Acervo ITESO - Biblioteca 
041 |a ESP 
082 |a 711. 05  |b ASE V. 39 
245 1 0 |a Horst Hartung :  |b 1919-1990 /  |c I. Díaz Morales... [et al.]. 
264 |a Guadalajara, México :  |b Universidad de Guadalajara,  |c 1990 
300 |a 80 p. 
336 |a texto  |b txt  |2 rdacontenido 
337 |a sin mediación  |b n  |2 rdamedio 
338 |a volumen  |b nc  |2 rdasoporte 
440 |a (Asentamientos ;  |v 39) 
520 |a Este número de la revista trimestral Asentamientos es una memoria de Horst Hartung, arquitecto alemán que fue invitado como profesor fundador de la Escuela de Arquitectura de la Universidad de Guadalajara, para impartir las materias de urbanismo e historia de la arquitectura. Aquí, varios arquitectos jaliscienses hablan sobre la vida, la experiencia docente y las aportaciones urbanísticas de Hartung, que fueron relevantes para mejorar la vialidad de Guadalajara. 
649 |a XX 
650 |a Arquitectos Alemanes 
650 |a Arquitectos Jaliscienses 
650 |a Arquitectos Mexicanos 
650 |a Artistas Alemanes 
650 |a Artistas Jaliscienses 
650 |a Artistas Mexicanos 
650 |a Urbanismo -  |x Publicaciones Periódicas Mexicanas 
650 |a Arquitectura -  |z Guadalajara, Jalisco -  |x Estudio y Enseñanza 
650 |a Arquitectura -  |z Jalisco -  |x Estudio y Enseñanza 
650 |a Arquitectura -  |z México -  |x Estudio y Enseñanza 
650 |a Planeación Urbana -  |z Guadalajara, Jalisco -  |x Historia 
650 |a Planeación Urbana -  |z Jalisco -  |x Historia 
650 |a Planeación Urbana -  |z México -  |x Historia 
650 |a Urbanismo -  |z Guadalajara, Jalisco -  |x Historia 
650 |a Urbanismo -  |z Jalisco -  |x Historia 
650 |a Urbanismo -  |z México -  |x Historia 
650 |a Publicaciones Periódicas Mexicanas 
650 |a Hartung, Horst -  |x Tema Principal 
700 |a Díaz Morales, Ignacio  |e (autor) 
910 |a Fondo Julio de la Peña Lomelín 
920 |a Impresos - Libros 
930 |a Arquitectos Jaliscienses 
905 |a 115 
901 |a 0500132676  |b IT1  |c JAL  |u 20250521 
902 |a https://opac.biblio.iteso.mx/vufind/Record/000189577